Statystyki dla Państwa europejskie - skojarzenia

Kliknij tutaj aby rozwiązać quiz!

Ogólne statystyki

  • Ten quiz został rozwiązany 154 razy
  • Średni wynik to 14 z 15

Statystyki odpowiedzi

HintOdpowiedź% Poprawnych
Malbork, Wieliczka, MazuryPolska
99%
królestwo, Big Ben , wyspaWielka Brytania
99%
Koloseum, but, makaronWłochy
99%
cieśniny, Półwysep Jutlandzki, GrenlandiaDania
98%
łuk triumfalny, moda, bagietkaFrancja
98%
Skandynawia, fiordy , SvalbardNorwegia
98%
wyspy, Peloponez, AkropolGrecja
94%
Ren, landy, AlpyNiemcy
94%
Alpy, zegarek, bankSzwajcaria
94%
jeziora, lasy, zorze polarneFinlandia
93%
Baleary, Pireneje, oceanHiszpania
91%
wulkany, gejzery, wyspaIslandia
91%
Olandia, Bałtyk, królestwoSzwecja
91%
Dunaj, Balaton, tokajWęgry
81%
Adriatyk, Dalmacja, IstriaChorwacja
77%

Rozkład punktacji

Percentyl według liczby udzielonych odpowiedzi

Procent ludzi z każdym wynikiem

Twoja historia wyników

Nie rozwiązałeś tego quizu